ঢ়
ক্ষ
ড়
ঢ়
য়
র-ফলা‌‌‌
 
 
য-ফলা
ি
 
 
রেফ
 
 
 
যুক্ত করুন/হসন্ত
Space
Enter

Tokyo no hana / (Record no. 6511)

000 -LEADER
fixed length control field 00625nam a22002297a 4500
001 - CONTROL NUMBER
control field 3714
003 - CONTROL NUMBER IDENTIFIER
control field BD-DhUAP
005 - DATE AND TIME OF LATEST TRANSACTION
control field 20210103144531.0
008 - FIXED-LENGTH DATA ELEMENTS--GENERAL INFORMATION
fixed length control field 210103s1990 enka b 001 0 eng
020 ## - INTERNATIONAL STANDARD BOOK NUMBER
International Standard Book Number 0207165947
040 ## - CATALOGING SOURCE
Original cataloging agency DNLM/DLC
Transcribing agency DLC
Modifying agency BD-DhUAP
Language of cataloging eng
082 00 - DEWEY DECIMAL CLASSIFICATION NUMBER
Classification number 823.3 ALL
Edition number 23
100 ## - MAIN ENTRY--PERSONAL NAME
Personal name Allen, Robert.
245 ## - TITLE STATEMENT
Title Tokyo no hana /
Statement of responsibility, etc. Robert Allen.
260 ## - PUBLICATION, DISTRIBUTION, ETC.
Place of publication, distribution, etc. North Ryde :
Name of publisher, distributor, etc. Angus and Robertson,
Date of publication, distribution, etc. c1990.
300 ## - PHYSICAL DESCRIPTION
Extent 103 pages :
Other physical details illustrations ;
Dimensions 19 cm.
490 ## - SERIES STATEMENT
Series statement Imprint.
504 ## - BIBLIOGRAPHY, ETC. NOTE
Bibliography, etc. note Includes bibliographies and index.
651 ## - SUBJECT ADDED ENTRY--GEOGRAPHIC NAME
Geographic name Japan
Geographic subdivision Tokyo.
651 ## - SUBJECT ADDED ENTRY--GEOGRAPHIC NAME
Geographic name Australians.
942 ## - ADDED ENTRY ELEMENTS (KOHA)
Source of classification or shelving scheme
Koha item type Book
Holdings
Withdrawn status Lost status Source of classification or shelving scheme Damaged status Not for loan Permanent Location Current Location Shelving location Date acquired Total Checkouts Total Renewals Full call number Barcode Date last seen Date last checked out Copy number Price effective from Koha item type
          UAP Central Library UAP Central Library General Stacks 2021-01-03 1 2 823.3 ALL 3010003714 2022-05-29 2022-04-19 1 2021-01-03 Book

All rights reserved © UAP Central Library,
University of Asia Pacific.